Loading...
| History - American | 0 | 4 | 0 | 0 | 40 | 91 | 110.75 | 0 | 1 | 5.04 | 20.54 |
| Fine Arts - Other | 0 | 2 | 0 | 1 | 20 | 123 | 128.00 | 0 | 0 | 0.86 | 10.42 |
| Science - Other | 0 | 2 | 0 | 0 | 20 | 46 | 60.00 | 0 | 1 | 11.33 | 16.94 |
| History - Other | 0 | 1 | 0 | 0 | 10 | 107 | 107.00 | 0 | 0 | 2.05 | 2.50 |
| Fine Arts - Classical Music | 0 | 1 | 0 | 0 | 10 | 133 | 133.00 | 0 | 0 | 0.79 | 1.25 |
| Geography/Current Events | 0 | 1 | 0 | 0 | 10 | 74 | 74.00 | 0 | 1 | 6.88 | 14.58 |
| History - European | 0 | 1 | 0 | 0 | 10 | 121 | 121.00 | 0 | 0 | 0.95 | 5.00 |
| History - World | 0 | 1 | 1 | 1 | 5 | 134 | 134.00 | 0 | 0 | 0.09 | 6.25 |
| Science - Physics | 0 | 1 | 1 | 0 | 5 | 98 | 98.00 | 0 | 0 | 0.94 | 1.39 |
| Social Science | 0 | 0 | 0 | 0 | 0 | 0.00 | 0 | 0 | 0.00 | 0.00 | |
| Science - Chemistry | 0 | 0 | 1 | 0 | -5 | 0.00 | 0 | 0 | 0.00 | 0.00 |